[Event "1/16 Finale"]
[Site "www.chess-mail.com"]
[Date "2016.10.07"]
[Round "1"]
[White "Sbb"]
[Black "Jose"]
[WhiteElo "2549"]
[BlackElo "2760"]
[Result "1/2-1/2"]
[Round "1"]
1.d4 Ng8f6
2.c4 c6
3.Ng1f3 d5
4.Nb1c3 e6
5.Bc1g5 h6
6.Bg5h4 dxc4
7.e4 g5
8.Bh4g3 b5
9.Bf1e2 Bc8b7
10.h4 g4
11.Nf3e5 Nb8d7
12.Ne5xd7 Qd8xd7
13.Bg3e5 Qd7e7
14.O-O Rh8g8
15.b3 b4
16.Nc3a4 c3
17.Qd1d3 Nf6d7
18.Be5g3 h5
19.a3 a5
20.axb4 axb4
21.Na4c5 Ra8xa1
22.Nc5xb7 Nd7e5
23.Rf1xa1 Ne5xd3
24.Ra1a8 Kd7
25.Be2xd3 e5
26.dxe5 { draw }
1/2-1/2

[Event "Tourn. n8955"]
[Site "www.chess-mail.com"]
[Date "2016.10.08"]
[Round "1"]
[White "Picifarkinca"]
[Black "Norlavuaram"]
[WhiteElo "2060"]
[BlackElo "2150"]
[Result "0-1"]
[Round "1"]
1.d4 Ng8f6
2.c4 c5
3.Ng1f3 g6
4.Nb1c3 Bf8g7
5.e4 cxd4
6.Nf3xd4 Nb8c6
7.Nd4xc6 bxc6
8.Bf1e2 O-O
9.Bc1e3 Qd8c7
10.O-O Ra8b8
11.Qd1d2 d6
12.Ra1b1 Bc8e6
13.b3 Nf6g4
14.Be2xg4 Be6xg4
15.f3 Bg4e6
16.Kh1 Qc7a5
17.Be3d4 Bg7xd4
18.Qd2xd4 c5
19.Qd4e3 a6
20.f4 Be6d7
21.Rb1d1 Bd7g4
22.Rd1d2 Qa5c7
23.Nc3d5 Qc7d8
24.h3 Bg4c8
25.Rf1d1 Bc8b7
26.Kh2 Bb7xd5
27.Rd2xd5 Qd8a5
28.Qe3d2 Qa5c7
29.g3 a5
30.e5 dxe5
31.fxe5 a4
32.Qd2e3 axb3
33.axb3 Qc7b6
34.Rd1d3 Rb8a8
35.h4 Ra8a2
36.Kh3 Qb6e6
37.g4 h5
38.Qe3g5 hxg4
39.Kg3 Kh7
40.h5 f5
41.Qg5xg6 Qe6xg6
42.hxg6 Kxg6
43.Rd3d2 Ra2xd2
44.Rd5xd2 Kg5
45.Rd2d7 f4
46.Kg2 e6
47.Rd7g7 Kf5
{ resign }
0-1

[Event "Tourn. n8980"]
[Site "www.chess-mail.com"]
[Date "2016.10.08"]
[Round "1"]
[White "Seger"]
[Black "Rons"]
[WhiteElo "2820"]
[BlackElo "2520"]
[Result "1-0"]
[Round "1"]
1.e4 c5
2.Ng1f3 d6
3.Bf1b5 Bc8d7
4.Bb5xd7 Qd8xd7
5.c4 Nb8c6
6.Nb1c3 g6
7.d4 cxd4
8.Nf3xd4 Bf8g7
9.Bc1e3 Ng8f6
10.f3 O-O
11.Qd1d3 Nf6h5
12.O-O Nc6xd4
13.Be3xd4 Nh5f4
14.Qd3d2 Kh8
15.Bd4xg7 { resign }
1-0

[Event "Tourn. n8948"]
[Site "www.chess-mail.com"]
[Date "2016.10.08"]
[Round "1"]
[White "Falcoale"]
[Black "Mao"]
[WhiteElo "1530"]
[BlackElo "1680"]
[Result "0-1"]
[Round "1"]
1.e4 c5
2.Ng1f3 d6
3.b3 Nb8c6
4.Bc1b2 Ng8f6
5.d3 e5
6.Bf1e2 Bf8e7
7.h3 O-O
8.O-O Bc8e6
9.Nf3h2 Qd8d7
10.f4 exf4
11.Rf1xf4 Qd7c7
12.Nh2g4 Nf6xg4
13.Be2xg4 Nc6e5
14.Bg4e2 Be7f6
15.d4 cxd4
16.Bb2xd4 Ra8c8
17.c4 Rf8d8
18.Bd4c3 Qc7e7
19.Qd1c2 b5
20.cxb5 Ne5g6
21.Qc2d2 Ng6xf4
22.Be2f3 Bf6xc3
23.Nb1xc3 Qe7f6
24.Ra1c1 Nf4xh3
25.gxh3 Qf6xf3
26.Rc1f1 Qf3xc3
{ resign }
0-1

[Event "Tourn. n8953"]
[Site "www.chess-mail.com"]
[Date "2016.10.08"]
[Round "1"]
[White "Francesco"]
[Black "Awfen"]
[WhiteElo "1970"]
[BlackElo "2020"]
[Result "0-1"]
[Round "1"]
1.e4 Nb8c6
2.d4 e5
3.d5 Nc6e7
4.Ng1f3 Ne7g6
5.Bf1e2 Ng8f6
6.Nb1c3 Bf8b4
7.Bc1g5 O-O
8.O-O d6
9.Qd1d3 a6
10.a3 Bb4c5
11.Nc3a4 Bc5a7
12.c4 h6
13.Bg5e3 Ng6f4
14.Be3xf4 exf4
15.Na4c3 Nf6g4
16.b4 Qd8f6
17.h3 Ng4e5
18.Nf3xe5 dxe5
19.Kh1 Rf8d8
20.c5 c6
21.d6 b6
22.Ra1b1 bxc5
23.bxc5 Ba7xc5
24.Rb1b3 Rd8xd6
25.Qd3c2 Bc8e6
26.Rb3b7 Be6c8
27.Rb7b2 Bc5d4
28.Rf1d1 Qf6d8
29.Rd1b1 Kh7
30.Be2h5 g6
31.Bh5e2 Bd4xf2
32.Rb2b8 Ra8xb8
33.Rb1xb8 Qd8c7
34.Rb8b2 Qc7a5
35.Rb2a2 Bf2d4
36.Nc3d1 Qa5e1
37.Kh2 Qe1g1
{ resign }
0-1

[Event "Tourn. n9003"]
[Site "www.chess-mail.com"]
[Date "2016.10.08"]
[Round "1"]
[White "Osopanda"]
[Black "Norlavuaram"]
[WhiteElo "2050"]
[BlackElo "2230"]
[Result "0-1"]
[Round "1"]
1.Ng1f3 Ng8f6
2.c4 g6
3.Nb1c3 Bf8g7
4.e4 d6
5.d4 O-O
6.Bf1d3 e5
7.O-O Nb8c6
8.dxe5 dxe5
9.Qd1e2 Bc8g4
10.h3 Nc6d4
11.Qe2e3 Nd4xf3
12.gxf3 Bg4xh3
13.Rf1e1 Nf6h5
14.Nc3d5 c6
15.Nd5c3 Nh5f4
16.Bd3f1 Qd8g5
17.Kh2 Bh3xf1
18.Qe3xf4 Qg5g2

0-1

[Event "Tourn. n8991"]
[Site "www.chess-mail.com"]
[Date "2016.10.08"]
[Round "1"]
[White "Bojan"]
[Black "Luban"]
[WhiteElo "1940"]
[BlackElo "1990"]
[Result "0-1"]
[Round "1"]
1.e4 c6
2.Bf1c4 e6
3.d4 d5
4.exd5 cxd5
5.Bc4b5 Bc8d7
6.Qd1d3 Nb8c6
7.Ng1f3 h6
8.Bc1f4 Ng8f6
9.O-O Bf8e7
10.a3 O-O
11.Nb1d2 Qd8b6
12.Bb5a4 Nf6h5
13.Bf4e3 Rf8d8
14.c3 Ra8c8
15.Ba4c2 f5
16.Nd2b3 Nc6a5
17.Nb3xa5 Qb6xa5
18.Nf3e5 Bd7b5
19.Qd3d1 Bb5xf1
20.Qd1xh5 Rd8f8
21.Kxf1 Be7f6
22.Qh5g6 Bf6xe5
23.Qg6xe6 Kh8
24.Qe6xe5 Rc8e8
25.Qe5g3 Qa5b5
26.Kg1 Qb5xb2
27.Ra1c1 Qb2xa3
28.Be3d2 Qa3xc1
{ resign }
0-1

[Event "Tourn. n8883"]
[Site "www.chess-mail.com"]
[Date "2016.10.08"]
[Round "1"]
[White "Falcoale"]
[Black "Azulmarino"]
[WhiteElo "1470"]
[BlackElo "1640"]
[Result "1-0"]
[Round "1"]
1.e4 e5
2.Ng1f3 Nb8c6
3.Nb1c3 a6
4.Bf1c4 h6
5.O-O d6
6.d4 Bc8g4
7.h3 exd4
8.Bc4xf7 Kxf7
9.Nc3d5 Bg4e6
10.Nf3xd4 Be6xd5
11.exd5 Nc6xd4
12.Qd1xd4 Ng8f6
13.c4 Bf8e7
14.Bc1d2 h5
15.Ra1e1 c5
16.Qd4c3 h4
17.Re1e2 Rh8h5
18.Rf1e1 Be7f8
19.Re2e3 Kg8
20.Re3e6 Rh5f5
21.Qc3c2 Qd8d7
22.Qc2xf5 Ra8e8
23.Bd2g5 Re8xe6
24.dxe6 Qd7e7
25.Bg5xh4 Qe7d8
26.Bh4xf6 gxf6
27.Qf5g6 Bf8g7
28.e7 Qd8f8
29.exf8Q { resign }
1-0

[Event "Tourn. n8897"]
[Site "www.chess-mail.com"]
[Date "2016.10.08"]
[Round "1"]
[White "Pimpampum"]
[Black "Emiondi"]
[WhiteElo "2210"]
[BlackElo "2170"]
[Result "1/2-1/2"]
[Round "1"]
1.Ng1f3 d5
2.g3 Ng8f6
3.Bf1g2 g6
4.O-O Bf8g7
5.d4 O-O
6.Bc1f4 c6
7.c3 Bc8f5
8.Nb1d2 Nb8d7
9.Rf1e1 Rf8e8
10.Nf3h4 e6
11.Qd1b3 Qd8b6
12.Nh4xf5 exf5
13.f3 c5
14.Qb3xb6 axb6
15.a3 Nf6h5
16.e3 Nh5xf4
17.gxf4 c4
18.e4 fxe4
19.fxe4 dxe4
20.Bg2xe4 b5
21.Be4xb7 Re8xe1
22.Ra1xe1 Ra8b8
23.Bb7c6 Nd7f6
24.Kg2 Nf6h5
25.Kf3 f5
26.Re1e7 Bg7h6
27.Bc6d5 Kh8
28.Re7b7 Rb8xb7
29.Bd5xb7 Bh6xf4
30.Nd2f1 Bf4c1
31.Bb7a6 Bc1xb2
32.Ba6xb5 Bb2xc3
33.Bb5xc4 Bc3xd4
34.a4 Nh5f6
35.Nf1d2 g5
36.a5 Bd4a7
37.Bc4d3 f4
38.h4 h6
39.hxg5 hxg5
40.Nd2e4 Nf6xe4
41.Bd3xe4 Kg7
42.Kg4 Kf6
43.a6 Ba7e3
44.Be4d3 Be3a7
{ draw }
1/2-1/2

[Event "Tourn. n8965"]
[Site "www.chess-mail.com"]
[Date "2016.10.08"]
[Round "1"]
[White "Cernunnoss"]
[Black "Attatroll"]
[WhiteElo "1609"]
[BlackElo "1850"]
[Result "0-1"]
[Round "1"]
1.e4 d6
2.d4 Ng8f6
3.Nb1c3 g6
4.f4 Bf8g7
5.Ng1f3 O-O
6.Bf1d3 Nb8c6
7.O-O Bc8g4
8.e5 dxe5
9.dxe5 Nf6d5
10.h3 Bg4xf3
11.Qd1xf3 Nd5xc3
 { time }
0-1

[Event "Tourn. n8940"]
[Site "www.chess-mail.com"]
[Date "2016.10.08"]
[Round "1"]
[White "Fabos12"]
[Black "Panham"]
[WhiteElo "1980"]
[BlackElo "2160"]
[Result "0-1"]
[Round "1"]
1.d4 Ng8f6
2.c4 e6
3.Nb1c3 Bf8b4
4.Bc1f4 O-O
5.Ra1c1 b6
6.f3 Bc8a6
7.e3 d5
8.a3 Bb4e7
9.cxd5 Ba6xf1
10.Kxf1 Nf6xd5
11.Nc3xd5 Qd8xd5
12.e4 Qd5b5
13.Qd1e2 Qb5xe2
14.Ng1xe2 c5
15.Kf2 cxd4
16.Ne2xd4 Be7c5
17.Rh1d1 Nb8c6
18.Bf4e3 Bc5xd4
19.Be3xd4 Ra8c8
20.Bd4c3 Rf8d8
21.Rd1xd8 Nc6xd8
22.Rc1d1 Kf8
23.Rd1d7 Nd8c6
24.b4 Ke8
25.Rd7b7 g6
26.b5 Nc6e7
27.Bc3f6 Ne7g8
28.Bf6e5 Ng8e7
29.Rb7xa7 Rc8c2
30.Kg3 Ne7c8
31.Ra7a8 Ke7
32.Ra8b8 Rc2c5
33.Rb8b7 Ke8
34.Be5f6 Rc5xb5
35.e5 Rb5a5
36.Kg4 Ra5xa3
37.Kg5 Ra3a7
38.Rb7b8 Kd7
39.Kh6 Kc7
40.Rb8xc8 Kxc8
41.Kxh7 b5
42.Bf6g5 b4
43.Bg5c1 b3
44.h4 Ra7a2
45.g4 b2
46.Bc1xb2 Ra2xb2
47.h5 gxh5
48.gxh5 Rb2g2
49.h6 Kc7
{ resign }
0-1

[Event "Match"]
[Site "www.echecsemail.com"]
[Date "2016.10.08"]
[Round "1"]
[White "4m6az"]
[Black "Micheles"]
[WhiteElo "1989"]
[BlackElo "2570"]
[Result "0-1"]
[Round "1"]
1.e4 c6
2.d4 d5
3.Bf1d3 dxe4
4.Bd3xe4 Ng8f6
5.Be4f3 Bc8f5
6.g4 Bf5g6
7.g5 Nf6e4
8.Bc1e3 Qd8a5
9.c3 Ne4xg5
10.Be3xg5 Qa5xg5
11.h4 Qg5b5
12.b3 Nb8d7
 { time }
0-1

[Event "Match"]
[Site "www.echecsemail.com"]
[Date "2016.10.08"]
[Round "1"]
[White "Canario"]
[Black "4m6az"]
[WhiteElo "1830"]
[BlackElo "1809"]
[Result "1-0"]
[Round "1"]
1.e4 e5
2.Ng1f3 Nb8c6
3.Nb1c3 Bf8c5
4.Bf1c4 Qd8f6
5.Nc3d5 Qf6d6
6.d3 h6
7.Qd1e2 a6
8.a3 Nc6a5
9.Bc4a2 c6
10.Nd5e3 Bc5xe3
11.Bc1xe3 Ng8f6
12.Be3b6 Na5c4
13.Ba2xc4 c5
14.Bb6a5 b5
15.Bc4a2 O-O
16.Ba5d2 Bc8b7
17.O-O Ra8c8
18.c4 bxc4
19.Ba2xc4 Rc8b8
20.b4 Rf8c8
21.h3  { time }
1-0

[Event "Match"]
[Site "www.echecsemail.com"]
[Date "2016.10.08"]
[Round "1"]
[White "Karlgrocer"]
[Black "4m6az"]
[WhiteElo "2010"]
[BlackElo "1809"]
[Result "1-0"]
[Round "1"]
1.Ng1f3 d5
2.d4 g6
3.e3 a6
4.Bf1e2 Ng8f6
5.O-O Nb8c6
6.a3 Bc8f5
7.Nb1d2 Qd8d6
8.b4 b5
9.Bc1b2 Nf6d7
10.Rf1e1 f6
11.Nd2b3 Bf8h6
12.Nb3c5 Nd7xc5
13.dxc5 Qd6e6
14.Nf3d4 Nc6xd4
15.Bb2xd4 O-O
16.Be2d3 Bf5xd3
17.cxd3 c6
18.Qd1c2 a5
19.bxa5 Ra8xa5
20.Bd4c3 Ra5a8
21.Bc3b4  { time }
1-0

[Event "Match"]
[Site "www.echecsemail.com"]
[Date "2016.10.08"]
[Round "1"]
[White "Estonia"]
[Black "4m6az"]
[WhiteElo "2060"]
[BlackElo "2040"]
[Result "1-0"]
[Round "1"]
1.e4 c6
2.d4 d5
3.Nb1c3 h5
4.Bf1e2 g6
5.exd5 cxd5
6.Ng1f3 Bc8f5
7.O-O Bf8h6
8.Nf3e5 Bh6xc1
9.Qd1xc1 a6
10.Be2d3 Bf5xd3
11.Ne5xd3 Ng8f6
12.h3 Qd8b6
13.Qc1e3 Nb8c6
14.Rf1e1 Qb6xd4
15.Qe3e2 O-O
16.Ra1d1 Qd4a7
17.Nd3e5 Nc6d4
18.Qe2d2  { time }
1-0

[Event "Match"]
[Site "www.echecsemail.com"]
[Date "2016.10.08"]
[Round "1"]
[White "Sonny1000"]
[Black "Paco"]
[WhiteElo "1410"]
[BlackElo "1910"]
[Result "0-1"]
[Round "1"]
1.e4 e5
2.Ng1f3 Nb8c6
3.c3 Bf8c5
4.g3 Ng8f6
5.h3 Nf6xe4
6.d3 Ne4xf2
7.Bc1g5 f6
8.Qd1e2 Nf2xh1
9.Bf1g2 Nh1xg3
10.Qe2c2 fxg5
11.Qc2b3 d6
12.Qb3d5 Qd8f6
13.Qd5e4 Ng3xe4
14.a4 Bc8xh3
15.Bg2xh3 Qf6xf3
16.dxe4 Qf3xh3
17.Kd1 Qh3d3
18.Nb1d2 Rh8f8
19.Ra1a3 Rf8f1
{ resign }
0-1

[Event "Match"]
[Site "www.echecsemail.com"]
[Date "2016.10.08"]
[Round "1"]
[White "Manuelito"]
[Black "Billyg"]
[WhiteElo "1599"]
[BlackElo "1670"]
[Result "1/2-1/2"]
[Round "1"]
1.d4 d6
2.e3 a6
3.Ng1f3 Nb8c6
4.c4 Bc8g4
5.h3 Bg4h5
6.g4 Bh5g6
7.Bf1g2 e6
8.Nb1c3 h5
9.g5 f6
10.gxf6 Qd8xf6
11.Rh1f1 O-O-O
12.d5 Nc6e5
13.Nf3xe5 Qf6xe5
14.e4 exd5
15.cxd5 Ng8f6
16.f3 c6
17.dxc6 bxc6
18.Rf1f2 Rd8e8
19.Kf1 h4
20.Nc3a4 Qe5b5
21.Kg1 d5
22.exd5 Re8d8
23.Na4c3 Qb5c4
24.Qd1e2 Qc4xe2
25.Rf2xe2 cxd5
26.Bc1g5 Bf8c5
27.Kf1 Rh8f8
28.f4 Bg6d3
29.Bg5xf6 Bd3xe2
30.Kxe2 Rf8xf6
31.Nc3xd5 Rd8xd5
32.Bg2xd5 Rf6xf4
33.Bd5e6 Kb8
34.Be6g4 Rf4f2
35.Kd3 Rf2xb2
36.Kc3 Rb2f2
37.a4 Rf2f4
38.Kb3 Rf4b4
39.Kc3 Rb4f4
40.Ra1b1 Ka7
41.Rb1b3 { draw }
1/2-1/2

[Event "Match"]
[Site "www.echecsemail.com"]
[Date "2016.10.08"]
[Round "1"]
[White "Micheles"]
[Black "Drawlward"]
[WhiteElo "2570"]
[BlackElo "1809"]
[Result "1/2-1/2"]
[Round "1"]
1.d4 Ng8f6
2.Ng1f3 d5
3.Bc1g5 e6
4.Nb1d2 Bf8e7
5.e3 O-O
6.Bf1d3 Nb8d7
7.O-O c5
8.c3 h6
9.Bg5h4 b6
10.Nf3e5 Nd7xe5
11.dxe5 Nf6d7
12.Bh4xe7 Qd8xe7
13.f4 Bc8b7
14.Qd1h5 Rf8d8
15.Rf1f3 d4
16.Rf3g3 dxc3
17.Qh5xh6 f5
18.Nd2c4 cxb2
19.Nc4xb2 Nd7f8
20.Bd3f1 Bb7d5
21.Nb2c4 Bd5xc4
22.Bf1xc4 a6
23.Qh6h5 b5
24.Bc4e2 g6
25.a4 c4
26.Rg3xg6 Nf8xg6
27.Qh5xg6 Kh8
28.Qg6h6 Qe7h7
29.Qh6f6 Qh7g7
30.Qf6xe6 Rd8d2
31.Qe6xf5 Ra8g8
32.g3 Qg7h7
33.Qf5f6 Qh7g7
34.Qf6h4 Qg7h7
35.Qh4f6 Qh7g7
36.Qf6h4 Qg7h7
37.Qh4f6 Qh7g7
{ draw }
1/2-1/2

[Event "Match"]
[Site "www.echecsemail.com"]
[Date "2016.10.08"]
[Round "1"]
[White "Ledzepp"]
[Black "Coraza"]
[WhiteElo "1450"]
[BlackElo "1790"]
[Result "0-1"]
[Round "1"]
1.e4 e5
2.d4 Nb8c6
3.d5 Nc6d4
4.Ng1h3 d6
5.Nh3g5 h6
6.Qd1h5 g6
7.Qh5d1 hxg5
8.Bf1c4 b5
9.Bc4d3 f6
10.c3 c5
11.c4 b4
12.a3 b3
13.O-O Ng8h6
14.Nb1d2 a5
15.Nd2xb3 f5
16.Nb3xd4 cxd4
17.exf5 gxf5
18.Qd1h5 Nh6f7
19.Qh5f3 e4
20.Bd3xe4 g4
21.Qf3e2 fxe4
22.Qe2xe4 Bf8e7
23.Qe4xd4 Nf7e5
24.Qd4e4 Rh8f8
25.b4 axb4
26.c5 Bc8f5
27.Qe4xb4 dxc5
28.Qb4f4 Be7d6
29.Qf4h6 Bf5d3
30.Qh6h5 Ne5f7
31.Rf1e1 Kd7
32.Qh5xg4 Kc7
33.Qg4f3 Bd3g6
34.a4 Nf7e5
35.Qf3b3 Ra8b8
36.Qb3e3 Rf8e8
37.Qe3h6 Re8h8
38.Qh6f4 Ne5d3
39.Qf4d2 Bd6xh2
40.Kf1 Qd8xd5
41.Qd2a5 Kd7
42.Qa5a7 Kc8
43.Qa7a6 Kc7
44.Re1e7 Kd8
45.Qa6xg6 Kxe7
46.Bc1g5 Kd7
47.Qg6g7 Kc6
48.Qg7f6 Kc7
49.Qf6e7 Kc6
50.Qe7f6 Bh2d6
51.Ke2 Rh8e8
52.Bg5e3 Nd3f4
53.Kf1 Qd5xg2
54.Ke1 Re8f8
55.Qf6c3 Nf4d5
56.Qc3d3 Qg2g1
57.Qd3f1 Qg1xf1
58.Kxf1 Nd5xe3
59.Ke2 Ne3g4
60.a5 Rf8xf2
61.Kd3 Rb8b4
62.a6 Ng4e5
63.Kc3 Rf2f3
64.Kd2 Rb4b2
65.Kc1 Ne5d3
{ resign }
0-1

[Event "Match"]
[Site "www.echecsemail.com"]
[Date "2016.10.08"]
[Round "1"]
[White "Cersav"]
[Black "Umutkrc"]
[WhiteElo "1499"]
[BlackElo "1910"]
[Result "0-1"]
[Round "1"]
1.g3 d6
2.b3 h6
3.Bc1b2 e5
4.Bf1g2 Ng8f6
5.Nb1c3 c6
6.e3 a6
7.Ng1h3 g5
8.Nc3e4 Nf6xe4
9.Bg2xe4 Bc8xh3
10.g4 h5
11.gxh5 g4
12.Be4f5 Rh8xh5
13.Bf5xg4 Rh5h4
14.Bg4xh3 Rh4xh3
15.Qd1g4 Rh3h4
16.Qg4g8 Rh4h6
17.c4 Qd8f6
18.f4 Qf6h4
19.Kd1 Rh6g6
20.Qg8xg6 fxg6
21.fxe5 Qh4e4
22.Kc1 Qe4xh1
23.Kc2 Qh1xa1
24.Bb2xa1 dxe5
25.Ba1xe5 Nb8d7
26.Be5c3 Kf7
27.h4 Bf8g7
28.Bc3b4 Ra8h8
{ resign }
0-1

[Event "Match"]
[Site "www.echecsemail.com"]
[Date "2016.10.08"]
[Round "1"]
[White "4m6az"]
[Black "Geodad5"]
[WhiteElo "2040"]
[BlackElo "2140"]
[Result "0-1"]
[Round "1"]
1.e3 e5
2.f4 exf4
3.exf4 Bf8e7
4.Ng1f3 d6
5.Bf1c4 Ng8f6
6.Qd1e2 O-O
7.Nf3g5 d5
8.Bc4d3 Be7c5
9.Ng5f3 Bc8g4
10.Kd1 Rf8e8
11.Qe2f1 Qd8d6
 { time }
0-1

[Event "1/64 Finale"]
[Site "www.chess-mail.com"]
[Date "2016.10.08"]
[Round "1"]
[White "Szustan"]
[Black "Emmanuel69"]
[WhiteElo "2620"]
[BlackElo "1890"]
[Result "1-0"]
[Round "1"]
1.e4 c6
2.d4 d5
3.Nb1c3 e6
4.Ng1f3 Nb8d7
5.Bf1d3 dxe4
6.Nc3xe4 Ng8f6
7.c3 Bf8e7
8.O-O h6
9.Ne4xf6 Nd7xf6
10.Nf3e5 O-O
11.Qd1f3 Rf8e8
12.Bd3c2 Qd8d5
13.Qf3h3 Be7d6
14.Rf1e1 Bd6f8
15.Qh3g3 g6
16.Bc2xg6 fxg6
17.Qg3xg6 Bf8g7
18.Qg6f7 Kh7
19.Bc1xh6 Re8g8
20.Qf7g6 Kh8
21.Ne5f7 
1-0

[Event "1/128 Finale"]
[Site "www.chess-mail.com"]
[Date "2016.10.08"]
[Round "1"]
[White "Cernunnoss"]
[Black "4m6az"]
[WhiteElo "1799"]
[BlackElo "1809"]
[Result "1-0"]
[Round "1"]
1.e4 e5
2.Ng1f3 Nb8c6
3.Bf1b5 Ng8e7
4.c3 g6
5.d4 Bf8g7
6.O-O d6
7.d5 a6
8.Bb5a4 b5
9.Ba4c2 Nc6a5
10.a4 bxa4
11.Ra1xa4 Na5b7
12.Bc1e3 Bc8d7
13.Ra4a1 c5
14.dxc6 Bd7xc6
15.Nb1a3 O-O
16.Qd1d2 f5
17.Na3c4  { time }
1-0

[Event "1/128 Finale"]
[Site "www.chess-mail.com"]
[Date "2016.10.08"]
[Round "1"]
[White "Guidom"]
[Black "Cernunnoss"]
[WhiteElo "2010"]
[BlackElo "1609"]
[Result "1-0"]
[Round "1"]
1.e4 d5
2.exd5 Qd8xd5
3.Nb1c3 Qd5a5
4.d3 c6
5.Bc1d2 Qa5c7
6.Ng1f3 Ng8f6
7.Bf1e2 Bc8f5
8.O-O e6
9.Nf3d4 Bf5g6
10.Kh1 Nb8d7
11.f4 Bf8c5
12.Nd4b3 Bc5d6
13.Nb3d4 a6
14.Qd1e1 c5
15.Nd4b3 O-O
16.Be2f3 Ra8e8
17.Qe1h4  { time }
1-0

[Event "Tourn. n8956"]
[Site "www.chess-mail.com"]
[Date "2016.10.09"]
[Round "1"]
[White "Sandokam"]
[Black "Rons"]
[WhiteElo "2230"]
[BlackElo "2500"]
[Result "0-1"]
[Round "1"]
1.e4 c5
2.g3 d5
3.Nb1c3 d4
4.Nc3b1 Ng8f6
5.d3 Nb8c6
6.Bf1g2 e5
7.Ng1e2 h5
8.Bc1g5 Bf8e7
9.Nb1d2 O-O
10.Nd2f3 Bc8e6
11.h3 c4
12.O-O Ra8c8
13.a3 b5
14.Kh2 Rc8c7
15.Ra1c1 a6
16.Ne2g1 Nf6d7
17.Bg5xe7 Qd8xe7
18.Nf3e1 h4
19.g4 b4
20.axb4 Nc6xb4
21.Kh1 Rf8c8
22.f4 cxd3
23.Ne1xd3 Nb4xd3
{ resign }
0-1

[Event "Tourn. n8948"]
[Site "www.chess-mail.com"]
[Date "2016.10.09"]
[Round "1"]
[White "Passaroa25"]
[Black "Redabond"]
[WhiteElo "1540"]
[BlackElo "1730"]
[Result "0-1"]
[Round "1"]
1.e4 e5
2.f3 Bf8c5
3.Ng1e2 Ng8f6
4.Ne2g3 Nf6g4
5.fxg4 Qd8f6
6.Ng3f5 g6
7.Nf5e3 Nb8c6
8.Qd1f3 Qf6xf3
9.gxf3 d6
10.Ne3d5 Bc5b6
11.Nd5xb6 axb6
12.Bf1b5 Bc8d7
13.d3 Nc6d4
14.Bb5xd7 Kxd7
15.Bc1g5 Nd4xc2
16.Kf2 Nc2xa1
17.Rh1c1 h6
18.Bg5f6 Rh8h7
19.Nb1c3 g5
20.Rc1xa1 Ke6
21.Nc3d5 Ra8c8
22.Ra1c1 b5
23.Rc1xc7 Rc8xc7
24.Nd5xc7 Kxf6
25.Nc7xb5 Rh7h8
26.Nb5xd6 b6
27.b4 Rh8a8
28.Kg3 Ra8xa2
29.Nd6f5 Kg6
30.Nf5e3 Ra2b2
31.Ne3c4 Rb2xb4
32.Nc4xe5 Kf6
33.Ne5xf7 Kxf7
34.h4 Rb4b3
35.h5 Rb3xd3
36.Kf2 b5
37.Ke2 Rd3d8
38.Ke3 b4
39.e5 b3
40.Ke4 b2
41.Kf5 b1Q

0-1

[Event "Tourn. n8952"]
[Site "www.chess-mail.com"]
[Date "2016.10.09"]
[Round "1"]
[White "Cernunnoss"]
[Black "Cal"]
[WhiteElo "1609"]
[BlackElo "1700"]
[Result "0-1"]
[Round "1"]
1.e4 e5
2.Ng1f3 d6
3.d4 exd4
4.Qd1xd4 h6
5.Nb1c3 c5
6.Qd4d1 Ng8f6
7.Bf1c4 Bc8e6
8.Bc4xe6 fxe6
9.e5 Nf6h5
10.g4 dxe5
11.Qd1xd8 Kxd8
12.gxh5 Bf8d6
13.Bc1e3 Nb8c6
14.Nc3e4 Bd6c7
15.Be3xc5 { time. }
0-1

[Event "Tourn. n8890"]
[Site "www.chess-mail.com"]
[Date "2016.10.09"]
[Round "1"]
[White "Sportuga"]
[Black "Fabos12"]
[WhiteElo "2029"]
[BlackElo "1940"]
[Result "1-0"]
[Round "1"]
1.e4 c5
2.Ng1f3 Nb8c6
3.c3 e5
4.Bf1c4 h6
5.O-O d6
6.d4 cxd4
7.cxd4 Bc8g4
8.dxe5 Nc6xe5
9.Bc4b5 Ke7
10.Bb5e2 Bg4xf3
11.Be2xf3 g5
12.g3 Bf8g7
13.Bf3g2 Ng8f6
14.Nb1c3 Rh8e8
15.Nc3d5 Kf8
16.Ra1b1 Ne5d7
17.Nd5c3 Nd7e5
18.Nc3b5 Ne5c4
19.b3 a6
20.Nb5c3 Nc4b6
21.Bc1b2 Qd8c7
22.Rf1e1 Nf6d7
23.Rb1c1 Ra8c8
24.Nc3b5 Qc7b8
25.Bb2xg7 Kxg7
26.Rc1xc8 Re8xc8
27.Nb5xd6 Rc8f8
28.e5 Rf8d8
29.Nd6xb7 Rd8e8
30.Nb7d6 Re8e6
31.Bg2h3 Re6xd6
32.Qd1xd6 Qb8xd6
33.exd6 Kf6
34.Bh3xd7 Nb6xd7
35.Kg2 g4
36.h3 h5
37.hxg4 hxg4
38.b4 Nd7f8
39.a4 { resign }
1-0

[Event "Tourn. n8960"]
[Site "www.chess-mail.com"]
[Date "2016.10.09"]
[Round "1"]
[White "Fabos12"]
[Black "Norlavuaram"]
[WhiteElo "2100"]
[BlackElo "2150"]
[Result "1/2-1/2"]
[Round "1"]
1.Ng1f3 Ng8f6
2.d4 g6
3.c4 c5
4.d5 e6
5.Nb1c3 exd5
6.cxd5 d6
7.Bc1g5 Bf8g7
8.e3 O-O
9.Bf1d3 a6
10.Qd1c2 b5
11.O-O-O Bc8b7
12.Bd3e2 Nb8d7
13.a3 Qd8a5
14.Bg5xf6 Nd7xf6
15.e4 b4
16.Nc3b1 Nf6g4
17.Be2c4 Bg7h6
18.Nb1d2 Ng4xf2
19.Rh1f1 Nf2xd1
20.Kxd1 bxa3
21.bxa3 Qa5xa3
22.Qc2b3 Qa3xb3
23.Bc4xb3 Bh6g7
24.Nd2c4 Rf8d8
25.Nc4a5 Ra8b8
26.Nf3g5 Rd8d7
{ draw }
1/2-1/2

[Event "Tourn. n8921"]
[Site "www.chess-mail.com"]
[Date "2016.10.09"]
[Round "1"]
[White "Krystek23"]
[Black "Sbb"]
[WhiteElo "2320"]
[BlackElo "2650"]
[Result "0-1"]
[Round "1"]
1.c4 g6
2.Nb1c3 c5
3.Ng1f3 Bf8g7
4.g3 Nb8c6
5.Bf1g2 d6
6.O-O Ng8f6
7.a3 O-O
8.h3 d5
9.cxd5 Nf6xd5
10.Qd1b3 Bc8e6
11.Qb3xb7 Nc6a5
12.Qb7b5 Na5b3
13.Ra1b1 Nd5b6
14.Qb5a6 Be6c4
15.Qa6b7 Nb6d5
16.Nf3e5 Ra8b8
17.Qb7xb8 Qd8xb8
18.Ne5xc4 Nd5b6
19.Nc4xb6 axb6
20.d3 h6
21.Bc1f4 Qb8a7
22.h4 e6
23.Bg2c6 Kh7
24.Bc6a4 Nb3d4
25.Ba4d1 Rf8d8
26.a4 Qa7a6
27.Bf4d2 c4
28.e3 Nd4b3
29.Bd1xb3 Rd8xd3
30.Nc3e4 cxb3
31.Bd2c3 Qa6xa4
32.Ne4f6 Bg7xf6
33.Bc3xf6 Qa4e4
34.Rb1c1 g5
35.hxg5 hxg5
36.Rc1c7 Kg6
37.Bf6d4 e5
38.Bd4xb6 Rd3d2
39.Rc7c3 Rd2xb2
40.Bb6c5 Rb2b1
41.Rf1xb1 Qe4xb1
42.Kg2 Qb1e4
43.Kg1 b2
44.Rc3b3 b1Q
45.Rb3xb1 Qe4xb1
46.Kg2 Kf5
47.Bc5f8 g4
48.Bf8h6 Ke4
49.Bh6g5 Kd3
50.Bg5f6 Ke2
{ resign }
0-1

[Event "Tourn. n8969"]
[Site "www.chess-mail.com"]
[Date "2016.10.09"]
[Round "1"]
[White "Cal"]
[Black "Genius5"]
[WhiteElo "1680"]
[BlackElo "1620"]
[Result "1-0"]
[Round "1"]
1.Ng1f3 f5
2.d4 Ng8f6
3.Nb1c3 e6
4.a3 Bf8e7
5.e3 O-O
6.h3 b6
7.b4 Bc8b7
8.Bc1b2 d5
9.Nf3e5 Nb8d7
10.Bf1b5 Nd7xe5
11.dxe5 Nf6e4
12.Nc3e2 c5
{ time. }
1-0

[Event "Tourn. n8918"]
[Site "www.chess-mail.com"]
[Date "2016.10.09"]
[Round "1"]
[White "Bevittsmith"]
[Black "Osopanda"]
[WhiteElo "2250"]
[BlackElo "1990"]
[Result "1-0"]
[Round "1"]
1.e4 c5
2.Ng1f3 d6
3.d4 cxd4
4.Nf3xd4 Ng8f6
5.Nb1c3 a6
6.Bf1e2 e5
7.Nd4b3 Bc8e6
8.Bc1e3 Nb8d7
9.Qd1d2 Ra8c8
10.f3 b5
11.O-O Nd7b6
12.Nc3xb5 axb5
13.Be2xb5 Be6d7
14.Qd2d3 d5
15.Bb5xd7 Nb6xd7
16.exd5 Bf8d6
17.Nb3d2 O-O
18.c4 Nd7c5
19.Qd3e2 Rf8e8
20.b4 Nc5d7
21.a3 e4
22.f4 Bd6c7
23.Rf1d1 Nd7f8
24.Nd2b3 Qd8d6
25.c5 Qd6d8
26.d6 Bc7b8
27.Ra1c1 Re8e6
28.Nb3d4 Re6e8
29.Nd4f5 Nf8g6
30.c6 Re8e6
31.c7 Bb8xc7
32.dxc7 Qd8f8
33.b5 Qf8xa3
34.Rd1d8 Re6e8
35.Rd8xe8 Nf6xe8
36.b6 Qa3a8
37.Qe2b5 Qa8b7
38.Qb5xe8 Rc8xe8
39.Nf5d6 { resign }
1-0

[Event "Tourn. n8952"]
[Site "www.chess-mail.com"]
[Date "2016.10.09"]
[Round "1"]
[White "Cernunnoss"]
[Black "Maciekkam"]
[WhiteElo "1609"]
[BlackElo "1779"]
[Result "0-1"]
[Round "1"]
1.e4 c5
2.Ng1f3 e6
3.d4 cxd4
4.Nf3xd4 Ng8f6
5.Nb1c3 d6
6.Bc1e3 a6
7.f3 b5
8.Qd1d2 Nb8d7
9.g4 h6
10.O-O-O Bc8b7
11.h4 b4
12.Nc3a4 d5
13.Bf1h3 dxe4
14.g5 { time. }
0-1

[Event "Tourn. n8921"]
[Site "www.chess-mail.com"]
[Date "2016.10.09"]
[Round "1"]
[White "Seger"]
[Black "Senitram"]
[WhiteElo "2780"]
[BlackElo "2720"]
[Result "1-0"]
[Round "1"]
1.d4 Ng8f6
2.c4 c5
3.d5 g6
4.Nb1c3 Bf8g7
5.e4 O-O
6.Ng1f3 d6
7.h3 Nf6d7
8.Bc1f4 Qd8a5
9.Qd1c1 Qa5b4
10.Bf1d3 Nd7b6
11.a3 Bg7xc3
12.bxc3 Qb4a4
13.Bf4h6 Rf8e8
14.h4 Bc8g4
15.Nf3h2 Bg4c8
16.h5 Qa4a5
17.hxg6 fxg6
18.e5 Nb6d7
19.e6 Nd7e5
20.Bd3e2 Kh8
21.f4 Ne5c6
22.O-O Qa5c7
23.Nh2f3 Nc6a5
24.Ra1b1 { resign }
1-0

[Event "Tourn. n8873"]
[Site "www.chess-mail.com"]
[Date "2016.10.09"]
[Round "1"]
[White "Andychesston"]
[Black "Picifarkinca"]
[WhiteElo "1990"]
[BlackElo "2000"]
[Result "1-0"]
[Round "1"]
1.e4 e5
2.Ng1f3 Nb8c6
3.d4 exd4
4.Nf3xd4 Bf8c5
5.Bc1e3 Nc6xd4
6.Be3xd4 Bc5xd4
7.Qd1xd4 Qd8f6
8.Qd4b4 Ng8e7
9.Nb1d2 Ne7c6
10.Qb4a3 d6
11.f3 O-O
12.O-O-O Bc8e6
13.Bf1c4 Be6xc4
14.Nd2xc4 Qf6g5
15.Nc4e3 Rf8d8
16.h4 Qg5a5
17.Qa3xa5 Nc6xa5
18.b3 Na5c6
19.Ne3d5 Ra8c8
20.h5 Rd8e8
21.h6 Re8e6
22.hxg7 Kxg7
23.c3 Nc6e5
24.Nd5f4 Re6h6
25.Nf4h5 Kg6
26.Nh5g3 Rh6xh1
27.Ng3xh1 Rc8e8
28.Nh1g3 f6
29.Ng3f5 Ne5f7
30.Nf5h4 Kg5
31.g3 Nf7h6
32.Rd1d5 f5
33.Nh4xf5 Nh6xf5
34.Rd5xf5 Kg6
35.Kd2 Re8e7
36.Kd3 Re7g7
37.g4 Rg7e7
38.Kd4 Re7d7
39.Kd5 c6
40.Ke6 { resign }
1-0